[Event "Valle Region-ch U12"]
[Site "Ansermanuevo"]
[Date "2012.03.23"]
[Round "1.7"]
[White "Carmona, Cristian Camilo"]
[Black "Amado, Andres Felipe"]
[Result "1/2-1/2"]
[WhiteElo "1423"]
[BlackElo "1334"]
[PlyCount "98"]
[EventDate "2012.03.23"]
[EventType "swiss"]
[EventRounds "7"]
[EventCountry "COL"]
[SourceTitle "EXT 2024"]
[Source "ChessBase"]
[SourceDate "2023.10.10"]
[SourceVersion "1"]
[SourceVersionDate "2023.10.10"]
[SourceQuality "1"]

1. e4 c5 2. c3 e6 3. Nf3 a6 4. Be2 b5 5. b4 cxb4 6. cxb4 Bxb4 7. a3 Be7 8. 0-0 Qc7 9. Bb2 Nf6 10. Be5 d6 11. Bxf6 Bxf6 12. Nc3 0-0 13. Rc1 Qb6 14. a4 b4 15. Rb1 a5 16. h3 Qc7 17. Nb5 Qb6 18. d4 Rd8 19. Qb3 Ba6 20. e5 Be7 21. exd6 Bxd6 22. Rb2 Nc6 23. Nxd6 Rxd6 24. Bxa6 Qxa6 25. Rd2 Rad8 26. d5 Rxd5 27. Rxd5 Rxd5 28. Rd1 Rxd1+ 29. Qxd1 h6 30. Nd4 Qb6 31. Nxc6 Qxc6 32. Qd8+ Kh7 33. Qxa5 Qd5 34. Qxb4 Qd1+ 35. Kh2 Qc2 36. a5 Qxf2 37. a6 f5 38. Qb7 f4 39. a7 Qg3+ 40. Kg1 Qe1+ 41. Kh2 Qg3+ 42. Kg1 Qe1+ 43. Kh2 Qg3+ 44. Kh1 Qe1+ 45. Kh2 Qg3+ 46. Kg1 Qe1+ 47. Kh2 Qg3+ 48. Kh1 Qe1+ 49. Kh2 Qg3+ 1/2-1/2

[Event "Valle Region-ch U12"]
[Site "Ansermanuevo"]
[Date "2012.03.23"]
[Round "6.5"]
[White "Guzman, Santiago"]
[Black "Carmona, Cristian Camilo"]
[Result "1-0"]
[WhiteElo "1367"]
[BlackElo "1423"]
[PlyCount "53"]
[EventDate "2012.03.23"]
[EventType "swiss"]
[EventRounds "7"]
[EventCountry "COL"]
[SourceTitle "EXT 2024"]
[Source "ChessBase"]
[SourceDate "2023.10.10"]
[SourceVersion "1"]
[SourceVersionDate "2023.10.10"]
[SourceQuality "1"]

1. e4 e5 2. Nf3 Nc6 3. Bc4 f6 4. 0-0 b6 5. Nc3 Bb7 6. d3 Qe7 7. Be3 0-0-0 8. Qd2 h6 9. Nd5 Qd6 10. Qc3 Nge7 11. Nxe7+ Bxe7 12. Rae1 Qb4 13. Qxb4 Nxb4 14. c3 Nc2 15. Re2 Nxe3 16. Rxe3 g5 17. h4 g4 18. Nh2 h5 19. d4 d5 20. exd5 Bxd5 21. Bb5 Bxa2 22. Ra1 Bb3 23. Bc6 Ba3 24. Rxa3 Ba4 25. Rxa4 Rd7 26. Rxa7 f5 27. Ra8# 1-0

[Event "Cali Region-ch U14"]
[Site "Cali"]
[Date "2012.03.10"]
[Round "5.9"]
[White "Carmona, Cristian Camilo"]
[Black "Gomez, Juan Pablo"]
[Result "0-1"]
[WhiteElo "1500"]
[BlackElo "1381"]
[PlyCount "84"]
[EventDate "2012.03.09"]
[EventType "swiss"]
[EventRounds "7"]
[EventCountry "COL"]
[SourceTitle "EXT 2024"]
[Source "ChessBase"]
[SourceDate "2023.10.10"]
[SourceVersion "1"]
[SourceVersionDate "2023.10.10"]
[SourceQuality "1"]

1. d4 d5 2. c4 Bf5 3. Nf3 Nf6 4. Nc3 e6 5. e3 Bb4 6. a3 Bxc3+ 7. bxc3 g6 8. Be2 0-0 9. 0-0 c6 10. e4 dxe4 11. d5 Bg4 12. Nd4 Bxe2 13. Qxe2 g5 14. Bxg5 Na6 15. Bxf6 Qxf6 16. Nc2 Rac8 17. Rab1 h5 18. Rxb7 Nc5 19. Nb4 Nxb7 20. Nxc6 Rxc6 21. dxc6 Nd6 22. Qxh5 Nxc4 23. Qg4+ Kh8 24. a4 Qg6 25. Qf4 f5 26. c7 Kg7 27. Qg3 Qxg3 28. hxg3 Na5 29. c8Q Rf7 30. Qc5 e5 31. Qxe5+ Kg6 32. Qxa5 a6 33. Qc7 Rxc7 34. a5 Rxc3 35. Rc1 Rxc1+ 36. Kh2 Kg5 37. f4+ Kh5 38. g4+ Kxg4 39. g3 e3 40. Kg2 e2 41. Kf2 e1Q+ 42. Kg2 Qxg3# 0-1

[Event "Cali Region-ch U14"]
[Site "Cali"]
[Date "2012.03.10"]
[Round "3.9"]
[White "Diaz, Javier3333"]
[Black "Carmona, Cristian Camilo"]
[Result "1-0"]
[WhiteElo "1472"]
[BlackElo "1500"]
[PlyCount "95"]
[EventDate "2012.03.09"]
[EventType "swiss"]
[EventRounds "7"]
[EventCountry "COL"]
[SourceTitle "EXT 2024"]
[Source "ChessBase"]
[SourceDate "2023.10.10"]
[SourceVersion "1"]
[SourceVersionDate "2023.10.10"]
[SourceQuality "1"]

1. e4 e5 2. Nf3 Nc6 3. Bb5 a6 4. Ba4 Nf6 5. 0-0 b5 6. Bb3 Bc5 7. Re1 Bb7 8. c3 b4 9. d4 Bb6 10. d5 Na5 11. Bc2 bxc3 12. Nxc3 c6 13. Nxe5 d6 14. Nxc6 Nxc6 15. dxc6 Bxc6 16. Kh1 0-0 17. Bg5 Bxf2 18. Re2 Bb6 19. Qd3 Rb8 20. Qxa6 h6 21. Bh4 g5 22. Bg3 Nh5 23. Qd3 Nxg3+ 24. Qxg3 Bd4 25. Bb3 Be5 26. Qf3 Rb7 27. Rc1 Qd7 28. Qd3 Bb5 29. Nxb5 Rxb5 30. Ba4 Bxb2 31. Rxb2 Qg4 32. Bxb5 Qf4 33. Rbc2 Qg4 34. Qf3 Qxf3 35. gxf3 Rb8 36. Rc8+ Rxc8 37. Rxc8+ Kg7 38. a4 Kg6 39. a5 f5 40. exf5+ Kxf5 41. a6 g4 42. fxg4+ Kxg4 43. a7 d5 44. a8Q d4 45. Rf8 d3 46. Bxd3 h5 47. Qg2+ Kh4 48. Qg3# 1-0